[Event "2017 Oceania Zone 3.6 Zonal Championshi"]
[Site "Auckland NZL"]
[Date "2017.01.19"]
[Round "8.44"]
[White "Prasad, Rudr"]
[Black "Buciu, Aurel-John"]
[Result "0-1"]
[WhiteElo "1566"]
[BlackElo "1718"]
[PlyCount "152"]
[EventDate "2017.01.14"]

1. d4 d5 2. c4 c6 3. Nf3 Nf6 4. e3 Bf5 5. Nc3 e6 6. cxd5 exd5 7. Be2 Bd6 8. O-O
O-O 9. Nd2 Re8 10. Nb3 Nbd7 11. Re1 Ne4 12. Bd3 Bxh2+ 13. Kf1 Nxf2 14. Kxf2
Qh4+ 15. Kf1 Bxd3+ 16. Qxd3 Bg3 17. Bd2 Qh1+ 18. Ke2 Qh5+ 19. Kf1 Re6 20. Ne2
Qh1+ 21. Ng1 Rf6+ 22. Ke2 Bxe1 23. Rxe1 Qxg2+ 24. Kd1 Nb6 25. Kc1 Nc4 26. Ne2
Rf1 27. Kc2 Re8 28. Nf4 Rxf4 29. Kc3 Rfe4 30. Nc5 R4e7 31. Re2 Qf3 32. Kc2 Nxd2
33. Kxd2 b6 34. Na6 h6 35. Nb4 Qf6 36. Nc2 Qg6 37. Qc3 Rc8 38. b4 c5 39. bxc5
bxc5 40. dxc5 Rec7 41. Nd4 Rxc5 42. Qa3 a5 43. Re1 Qb6 44. Ke2 Qb4 45. Qxb4
axb4 46. Rb1 Rc4 47. Kd2 Ra8 48. Rb2 g5 49. Nf5 Kh7 50. Nd6 Rh4 51. Kd3 Ra3+
52. Rb3 Rxa2 53. Nxf7 Ra3 54. Kc2 Rxb3 55. Kxb3 Re4 56. Nd6 Rxe3+ 57. Kxb4 Re4+
58. Nxe4 dxe4 59. Kc4 Kg6 60. Kd4 Kf5 61. Ke3 Ke5 62. Kf2 Kd4 63. Ke2 g4 64.
Kf2 Kd3 65. Ke1 Ke3 66. Kf1 Kd2 67. Kg2 e3 68. Kg3 e2 69. Kxg4 e1=R 70. Kh5 Rg1
71. Kh4 Ke3 72. Kh5 Kf4 73. Kxh6 Kf5 74. Kh7 Kf6 75. Kh8 Kf7 76. Kh7 Rh1# 0-1

[Event "2017 Oceania Zone 3.6 Zonal Championshi"]
[Site "Auckland NZL"]
[Date "2017.01.19"]
[Round "8.45"]
[White "Plaganyi, Gyula"]
[Black "Murdoch, Stephen"]
[Result "1-0"]
[WhiteElo "1790"]
[BlackElo "1438"]
[PlyCount "87"]
[EventDate "2017.01.14"]

1. e4 c5 2. Nf3 g6 3. d4 cxd4 4. Nxd4 Nc6 5. c4 Nf6 6. Nc3 d6 7. f3 Nxd4 8.
Qxd4 Bg7 9. Be3 O-O 10. Qd2 Be6 11. Rc1 b6 12. Bd3 Qd7 13. O-O Rfc8 14. b3 Ne8
15. g4 Bxg4 16. fxg4 Qxg4+ 17. Qg2 Nf6 18. Qxg4 Nxg4 19. Bd2 Bd4+ 20. Kg2 e6
21. Be2 Be3 22. Bxg4 Bxd2 23. Rc2 Bxc3 24. Rxc3 Rc5 25. Rd1 b5 26. Rxd6 bxc4
27. Rxc4 Rg5 28. Kh3 h5 29. Bf3 Rg1 30. Rd1 Rxd1 31. Bxd1 Rd8 32. Bc2 g5 33.
Rc5 f6 34. Kg3 Rd2 35. h4 g4 36. b4 Kg7 37. a4 Re2 38. b5 Re3+ 39. Kg2 Re2+ 40.
Kf1 Rh2 41. a5 Rxh4 42. b6 axb6 43. axb6 g3 44. b7 1-0

[Event "2017 Oceania Zone 3.6 Zonal Championshi"]
[Site "Auckland NZL"]
[Date "2017.01.19"]
[Round "8.46"]
[White "Borg, Zen"]
[Black "Qin, Oscar Shu Xuan"]
[Result "1-0"]
[WhiteElo "1709"]
[BlackElo "1375"]
[PlyCount "64"]
[EventDate "2017.01.14"]

1. d4 d5 2. c4 c6 3. Nc3 Nf6 4. Bf4 dxc4 5. a4 Bf5 6. e3 e6 7. Bxc4 Bb4 8. Qb3
Bxc3+ 9. bxc3 Qb6 10. Qa3 Nbd7 11. Nf3 Nd5 12. a5 Qd8 13. Bg5 f6 14. Bh4 Qe7
15. Bg3 Qxa3 16. Rxa3 b5 17. axb6 N7xb6 18. Ba6 O-O 19. O-O h6 20. Re1 Be4 21.
Nd2 Bc2 22. e4 Ne7 23. Bd6 Kf7 24. c4 f5 25. e5 Nbc8 26. Bb7 Nxd6 27. Bxa8 Nxc4
28. Nxc4 Rxa8 29. Nd6+ Kf8 30. f3 a5 31. Rc1 Nd5 32. Rxc2 Nb4 1-0

[Event "2017 Oceania Zone 3.6 Zonal Championshi"]
[Site "Auckland NZL"]
[Date "2017.01.19"]
[Round "8.48"]
[White "Lane, Ryan"]
[Black "Perrin, Kevin J"]
[Result "1/2-1/2"]
[WhiteElo "1793"]
[BlackElo "1537"]
[PlyCount "119"]
[EventDate "2017.01.14"]

1. e4 e6 2. d4 d5 3. Nd2 Nf6 4. e5 Nfd7 5. c3 c5 6. Bd3 cxd4 7. cxd4 Nc6 8. Ne2
Nb4 9. Bb1 Be7 10. Nf3 O-O 11. a3 Nc6 12. Qd3 f5 13. exf6 Nxf6 14. Bg5 g6 15.
O-O Ne4 16. Bxe7 Qxe7 17. Nd2 Nf6 18. Re1 Qf7 19. Nf3 Bd7 20. Ng3 Rae8 21. Bc2
Qg7 22. Re2 a6 23. Rae1 Nd8 24. Qc3 Ng4 25. h3 Nh6 26. Ne5 Bb5 27. Bd3 Bxd3 28.
Qxd3 Nf5 29. Nxf5 Rxf5 30. Re3 Re7 31. Rf3 Rxf3 32. Nxf3 Nc6 33. Ne5 Nxe5 34.
Rxe5 Qf6 35. Qe3 Kg7 36. f4 Kf7 37. Kf2 Qh4+ 38. Qg3 Qxg3+ 39. Kxg3 Rc7 40. Re2
Rc4 41. Rd2 Kf6 42. Kf3 g5 43. g4 gxf4 44. Kxf4 e5+ 45. Ke3 e4 46. h4 Rc1 47.
Rf2+ Ke6 48. Rg2 Rh1 49. h5 Rh3+ 50. Ke2 h6 51. g5 hxg5 52. Rxg5 a5 53. Rg6+
Kf7 54. Rb6 Rxh5 55. Rxb7+ Ke6 56. Rb5 Rh2+ 57. Ke1 Rc2 58. b4 axb4 59. Rxb4
Ra2 60. Rb6+ 1/2-1/2

[Event "2017 Oceania Zone 3.6 Zonal Championshi"]
[Site "Auckland NZL"]
[Date "2017.01.19"]
[Round "8.53"]
[White "Archer, Saffron"]
[Black "Hooton, Barry R"]
[Result "1/2-1/2"]
[WhiteElo "1417"]
[BlackElo "1478"]
[PlyCount "82"]
[EventDate "2017.01.14"]

1. e4 e5 2. Nf3 Nc6 3. Nc3 Nf6 4. d4 exd4 5. Nxd4 Nxd4 6. Qxd4 d6 7. Bc4 Be7 8.
Be3 O-O 9. O-O Bd7 10. Rad1 Re8 11. Rfe1 Ng4 12. h3 Ne5 13. Bb3 Bf6 14. Qd2 Bh4
15. Bf4 Ng6 16. Bh2 Bc6 17. Bd5 Qf6 18. Bxc6 bxc6 19. Re2 Bg5 20. Qd4 Qxd4 21.
Rxd4 Bf6 22. Rc4 Bxc3 23. Rxc3 c5 24. Kf1 Ne5 25. Bxe5 Rxe5 26. f4 Ree8 27. e5
Rab8 28. b3 Kf8 29. exd6 cxd6 30. Rd3 Rbd8 31. Rxe8+ Kxe8 32. c4 Kd7 33. Ke2
Re8+ 34. Kf3 f5 35. Rd5 g6 36. g4 fxg4+ 37. hxg4 Re6 38. Rd2 Re7 39. Rd5 Rf7
40. Rd2 Re7 41. Rd5 Rf7 1/2-1/2

[Event "2017 Oceania Zone 3.6 Zonal Championshi"]
[Site "Auckland NZL"]
[Date "2017.01.19"]
[Round "8.56"]
[White "Mukkattu, Philip"]
[Black "Gao, Hugh"]
[Result "1-0"]
[WhiteElo "1705"]
[BlackElo "1121"]
[PlyCount "49"]
[EventDate "2017.01.14"]

1. d4 d5 2. c4 Nf6 3. Nf3 Bg4 4. cxd5 Nxd5 5. e4 Nf6 6. Bc4 Nxe4 7. Bxf7+ Kxf7
8. Ne5+ Ke8 9. Nxg4 Qd7 10. Ne5 Qf5 11. O-O Nd7 12. f4 e6 13. Qe2 c6 14. g4 Qf6
15. Qxe4 Bd6 16. Nd2 Rf8 17. Ndc4 Ke7 18. Bd2 Rac8 19. Nxd6 Kxd6 20. Rac1 Kc7
21. b4 a6 22. a4 Rcd8 23. b5 Kb6 24. bxc6 Nxe5 25. Qb1+ 1-0

[Event "2017 Oceania Zone 3.6 Zonal Championshi"]
[Site "Auckland NZL"]
[Date "2017.01.20"]
[Round "9.1"]
[White "Smirnov, Anton"]
[Black "Zelesco, Karl"]
[Result "1/2-1/2"]
[WhiteElo "2519"]
[BlackElo "2345"]
[PlyCount "80"]
[EventDate "2017.01.14"]

1. e4 e5 2. Nf3 Nc6 3. Bb5 a6 4. Ba4 Nf6 5. O-O Be7 6. Re1 b5 7. Bb3 d6 8. c3
O-O 9. h3 Nb8 10. d4 Nbd7 11. Nbd2 Bb7 12. Bc2 Re8 13. a4 Bf8 14. Bd3 c6 15.
Qc2 g6 16. b3 Rc8 17. Bb2 Nh5 18. Bf1 exd4 19. cxd4 d5 20. e5 b4 21. Qd1 c5 22.
dxc5 Bxc5 23. a5 Nf4 24. Nh2 Qh4 25. Ng4 Qg3 26. Kh1 Bxf2 27. Ne4 dxe4 28. Qxd7
Bc6 29. Nf6+ Kg7 30. Nxe8+ Kh6 31. Qxc8 e3 32. Qxc6 Bg1 33. Kxg1 Nxh3+ 34. Kh1
Nf2+ 35. Kg1 Ng4 36. Bxa6 Qf2+ 37. Kh1 Qh4+ 38. Kg1 Qf2+ 39. Kh1 Qh4+ 40. Kg1
Qf2+ 1/2-1/2

[Event "2017 Oceania Zone 3.6 Zonal Championshi"]
[Site "Auckland NZL"]
[Date "2017.01.20"]
[Round "9.2"]
[White "Choong, Yita"]
[Black "Illingworth, Max"]
[Result "1/2-1/2"]
[WhiteElo "2275"]
[BlackElo "2481"]
[PlyCount "90"]
[EventDate "2017.01.14"]

1. d4 Nf6 2. c4 b6 3. f3 Nc6 4. e4 e5 5. Ne2 Nxd4 6. Nxd4 exd4 7. Qxd4 Bc5 8.
Qd3 O-O 9. Bg5 h6 10. Bh4 g5 11. Bg3 Nh5 12. Nc3 d6 13. O-O-O Be6 14. Nd5 c6
15. Ne3 Nxg3 16. hxg3 Qf6 17. Be2 Rab8 18. Qd2 b5 19. cxb5 Rfc8 20. Kb1 a6 21.
f4 gxf4 22. Nc2 axb5 23. Qxf4 Qg7 24. Qxh6 b4 25. Qxg7+ Kxg7 26. Nd4 Kf6 27.
Rh6+ Ke5 28. Rh5+ Kxe4 29. Nc2 Bxa2+ 30. Ka1 f5 31. Bd3+ Ke5 32. Re1+ Kf6 33.
Rxf5+ Kg7 34. Re7+ Kg8 35. Kxa2 b3+ 36. Kb1 bxc2+ 37. Kxc2 Bd4 38. b3 Re8 39.
Rc7 Rbc8 40. Rg5+ Kf8 41. Rh7 Re3 42. Rf5+ Kg8 43. Rg5+ Kf8 44. Rf5+ Kg8 45.
Rg5+ Kf8 1/2-1/2

[Event "2017 Oceania Zone 3.6 Zonal Championshi"]
[Site "Auckland NZL"]
[Date "2017.01.20"]
[Round "9.3"]
[White "Dale, Ari"]
[Black "Kulashko, Alexei"]
[Result "1/2-1/2"]
[WhiteElo "2333"]
[BlackElo "2344"]
[PlyCount "66"]
[EventDate "2017.01.14"]

1. d4 Nf6 2. c4 e6 3. Nc3 Bb4 4. e3 O-O 5. Bd3 d5 6. Nf3 c5 7. O-O Nc6 8. a3
Ba5 9. cxd5 exd5 10. dxc5 Bxc3 11. bxc3 Bg4 12. Be2 Qe7 13. Qc2 Bxf3 14. Bxf3
Ne5 15. Be2 Qxc5 16. Rb1 b6 17. Rb5 Qc6 18. a4 Rac8 19. Qf5 Nc4 20. Bxc4 Qxc4
21. Bb2 Rfd8 22. Rb4 Qc6 23. Rh4 Qe6 24. Qd3 Rd7 25. Rb4 Rc5 26. Rd1 h6 27. Rd4
Rc4 28. f3 Qc6 29. Ra1 a5 30. Qd1 Re7 31. Qd3 Rd7 32. Qd1 Re7 33. Qd3 Rd7
1/2-1/2

[Event "2017 Oceania Zone 3.6 Zonal Championshi"]
[Site "Auckland NZL"]
[Date "2017.01.20"]
[Round "9.4"]
[White "Lane, Gary W"]
[Black "Gong, Daniel Hanwen"]
[Result "1/2-1/2"]
[WhiteElo "2404"]
[BlackElo "2090"]
[PlyCount "105"]
[EventDate "2017.01.14"]

1. e4 c5 2. Nf3 g6 3. d4 cxd4 4. Nxd4 Bg7 5. c4 Nc6 6. Be3 Nf6 7. Nc3 d6 8. Be2
O-O 9. O-O Bd7 10. Nc2 a5 11. f4 Nb4 12. Nd4 Na6 13. Kh1 Rc8 14. Rc1 b6 15. b3
Nc5 16. Bf3 e5 17. Nde2 Bc6 18. Qc2 Re8 19. fxe5 Rxe5 20. Bf4 Re8 21. Ng3 Qe7
22. Nd5 Bxd5 23. exd5 Nfd7 24. a3 a4 25. bxa4 Ra8 26. Bd2 Rxa4 27. Bb4 Raa8 28.
Rfe1 Ne5 29. Be2 f5 30. Rb1 Qh4 31. Nf1 Ne4 32. Bd2 Rxa3 33. Be3 Nd7 34. Bf3
Ndc5 35. Kg1 Rea8 36. g3 Qf6 37. Bxe4 Ra2 38. Qd1 fxe4 39. Nd2 Qf5 40. Rf1 Qh3
41. Rxb6 Ra1 42. Qe2 Be5 43. Qg2 Qf5 44. Rbb1 Rxb1 45. Nxb1 Qc8 46. Qf2 Qc7 47.
Nd2 Bg7 48. Kh1 Qe7 49. Qg2 Re8 50. Re1 Nd3 51. Rf1 Nc5 52. Re1 Nd3 53. Rf1
1/2-1/2

[Event "2017 Oceania Zone 3.6 Zonal Championshi"]
[Site "Auckland NZL"]
[Date "2017.01.20"]
[Round "9.5"]
[White "Chan, Luis"]
[Black "Ker, Anthony F"]
[Result "0-1"]
[WhiteElo "2135"]
[BlackElo "2300"]
[PlyCount "128"]
[EventDate "2017.01.14"]

1. d4 d6 2. e4 Nf6 3. Nc3 g6 4. Be3 c6 5. Qd2 b5 6. Bd3 Nbd7 7. Nf3 e5 8. dxe5
dxe5 9. O-O Bb7 10. Ne2 Qe7 11. Ng3 h5 12. Bg5 Bg7 13. a4 a6 14. Nh4 Qe6 15. f4
exf4 16. Qxf4 Nh7 17. Bh6 Be5 18. Qf3 Nhf6 19. Bg5 Bd4+ 20. Kh1 Qg4 21. Qf4
Qxf4 22. Bxf4 Ng4 23. h3 Nf2+ 24. Kh2 Nxd3 25. cxd3 Bxb2 26. Ra2 Be5 27. Bxe5
Nxe5 28. d4 Ng4+ 29. Kg1 Nh6 30. e5 O-O-O 31. e6 Rxd4 32. exf7 Rf8 33. Nxg6
Rxf7 34. Rxf7 Nxf7 35. axb5 cxb5 36. Nxh5 b4 37. Kf2 b3 38. Rb2 Rb4 39. Nhf4
Nd6 40. Ne7+ Kd7 41. Ned5 Bxd5 42. Nxd5 Rb8 43. Nc3 Nc4 44. Rb1 Kc6 45. Ke2 Kc5
46. h4 a5 47. h5 Re8+ 48. Kf2 Kb4 49. Nd5+ Kc5 50. Nc3 Kb4 51. Nd5+ Ka3 52.
Ra1+ Kb2 53. Ra4 Re5 54. Rxc4 Rxd5 55. h6 Rh5 56. Ra4 Kc2 57. Rc4+ Kd3 58. Rc6
b2 59. Rb6 Kc3 60. g4 Rxh6 61. Rxh6 b1=Q 62. Rc6+ Kd4 63. Rf6 a4 64. Rf4+ Ke5
0-1

[Event "2017 Oceania Zone 3.6 Zonal Championshi"]
[Site "Auckland NZL"]
[Date "2017.01.20"]
[Round "9.6"]
[White "Hague, Ben"]
[Black "Soo-Burrowes, Eliot W"]
[Result "1/2-1/2"]
[WhiteElo "2333"]
[BlackElo "2040"]
[PlyCount "21"]
[EventDate "2017.01.14"]

1. e4 e5 2. Nf3 Nc6 3. Bc4 Bc5 4. c3 Nf6 5. d3 d6 6. O-O a6 7. Bb3 Ba7 8. Nbd2
O-O 9. h3 h6 10. Re1 Be6 11. Nf1 1/2-1/2

[Event "2017 Oceania Zone 3.6 Zonal Championshi"]
[Site "Auckland NZL"]
[Date "2017.01.20"]
[Round "9.7"]
[White "Dive, Russell J"]
[Black "Louie, Ryan"]
[Result "1/2-1/2"]
[WhiteElo "2304"]
[BlackElo "1972"]
[PlyCount "150"]
[EventDate "2017.01.14"]

1. c4 c5 2. Nc3 Nc6 3. g3 g6 4. Bg2 Bg7 5. Nf3 e5 6. O-O Nge7 7. Ne1 d6 8. Nc2
Be6 9. Ne3 O-O 10. a3 Qd7 11. Re1 f5 12. Rb1 Rae8 13. b4 f4 14. Ned5 Kh8 15. d3
cxb4 16. axb4 Bh3 17. Be4 fxg3 18. hxg3 Nf5 19. Bh1 Nfe7 20. Ne3 Nf5 21. Nf1 h5
22. Ne4 h4 23. Qa4 hxg3 24. Nfxg3 Nxg3 25. fxg3 Re7 26. Be3 Ref7 27. Qa2 Nd4
28. Bg2 Qg4 29. Kh2 Rf5 30. Bxh3 Rh5 31. Ng5 Nf5 32. Bf2 Qxg5 33. Rh1 Ne3 34.
Kg1 Bh6 35. Qxa7 Ng4 36. Bxg4 Qxg4 37. Rxh5 gxh5 38. Qxb7 Qxe2 39. Rf1 Be3 40.
Qg2 Rxf2 41. Rxf2 Qe1+ 42. Kh2 Qxf2 43. Qxf2 Bxf2 44. Kg2 Be1 45. b5 Kg7 46. b6
Ba5 47. b7 Bc7 48. Kf3 Kf6 49. Ke4 Ke6 50. d4 exd4 51. Kxd4 Bb8 52. Ke4 Kd7 53.
Kd5 Ke7 54. c5 dxc5 55. Kxc5 Kf6 56. Kd4 Kg5 57. Ke3 Kg4 58. Kf2 Kh3 59. Kg1
Be5 60. b8=Q Bxb8 61. Kh1 Be5 62. Kg1 Kg4 63. Kg2 Bd4 64. Kh2 Bf2 65. Kg2 Be3
66. Kh2 Bd4 67. Kg2 Be5 68. Kf2 Bd6 69. Kg2 Bc5 70. Kh2 Kf3 71. Kh1 Bd6 72. Kg1
Be5 73. Kh1 Kf2 74. Kh2 Bb8 75. Kh3 Bxg3 1/2-1/2

[Event "2017 Oceania Zone 3.6 Zonal Championshi"]
[Site "Auckland NZL"]
[Date "2017.01.20"]
[Round "9.10"]
[White "Nakauchi, Gene"]
[Black "Winkelman, Albert"]
[Result "1-0"]
[WhiteElo "2238"]
[BlackElo "1860"]
[PlyCount "99"]
[EventDate "2017.01.14"]

1. e4 e5 2. Nf3 Nc6 3. Bb5 a6 4. Bxc6 dxc6 5. O-O Bg4 6. h3 h5 7. d3 Qf6 8.
Nbd2 Ne7 9. Re1 Bxf3 10. Nxf3 O-O-O 11. Be3 Rd7 12. d4 Ng6 13. c3 Bd6 14. b4
Nf4 15. a4 b6 16. Bxf4 Qxf4 17. Qe2 Kb7 18. b5 cxb5 19. axb5 a5 20. Qc4 Kb8 21.
Qc6 Rhd8 22. Reb1 Qf6 23. Rxa5 bxa5 24. b6 Bb4 25. Nxe5 Qxc6 26. Nxc6+ Kb7 27.
Nxd8+ Rxd8 28. bxc7 Kxc7 29. cxb4 a4 30. d5 Kd6 31. f3 Ke5 32. b5 f5 33. b6
fxe4 34. fxe4 Rb8 35. Ra1 Kxe4 36. Rxa4+ Kxd5 37. Ra5+ Kc6 38. Rxh5 Rxb6 39.
Rg5 Rb7 40. Kf2 Kd6 41. Rg6+ Ke5 42. h4 Kf5 43. h5 Kf4 44. g3+ Ke4 45. Kg2 Ra7
46. Rg5 Ke3 47. Kh3 Kf2 48. Rf5+ Kg1 49. g4 Rb7 50. Kg3 1-0

[Event "2017 Oceania Zone 3.6 Zonal Championshi"]
[Site "Auckland NZL"]
[Date "2017.01.20"]
[Round "9.11"]
[White "Kethro, Michael"]
[Black "Smith, Robert W"]
[Result "1/2-1/2"]
[WhiteElo "2091"]
[BlackElo "2238"]
[PlyCount "88"]
[EventDate "2017.01.14"]

1. d4 Nf6 2. c4 e6 3. g3 Bb4+ 4. Bd2 Qe7 5. Bg2 O-O 6. Nf3 Nc6 7. O-O Bxd2 8.
Qxd2 a5 9. Nc3 d6 10. e4 e5 11. d5 Nb8 12. Qc2 Na6 13. Nd2 Nc5 14. b3 c6 15. a3
cxd5 16. cxd5 Bd7 17. b4 Na6 18. Qb3 Rfc8 19. Rfc1 axb4 20. axb4 Nc7 21. Bf1 h5
22. Na4 Bxa4 23. Rxa4 Qd7 24. b5 Nce8 25. Rxc8 Qxc8 26. Rxa8 Qxa8 27. b6 Qa5
28. Qb2 Kf8 29. Bh3 Ng4 30. Bxg4 hxg4 31. Kg2 Nf6 32. Nc4 Qc5 33. Qe2 Ke7 34.
Ne3 g6 35. Nxg4 Nxg4 36. Qxg4 Qxb6 37. Qh4+ Ke8 38. Qh8+ Ke7 39. Qh4+ Ke8 40.
Qh8+ Ke7 41. Qh4+ Ke8 42. Qh8+ Ke7 43. Qh4+ Ke8 44. Qh8+ Ke7 1/2-1/2

[Event "2017 Oceania Zone 3.6 Zonal Championshi"]
[Site "Auckland NZL"]
[Date "2017.01.20"]
[Round "9.12"]
[White "Croad, Nicholas"]
[Black "Lam, Ross"]
[Result "1-0"]
[WhiteElo "2278"]
[BlackElo "1883"]
[PlyCount "119"]
[EventDate "2017.01.14"]

1. d4 Nf6 2. c4 e6 3. Nf3 b6 4. Bf4 Bb7 5. e3 Be7 6. h3 O-O 7. Be2 c5 8. dxc5
Bxc5 9. O-O d5 10. Nbd2 Nc6 11. a3 Ne7 12. Bg5 Ne4 13. Nxe4 dxe4 14. Nd4 e5 15.
Nb5 f6 16. b4 fxg5 17. bxc5 bxc5 18. Bg4 Bc8 19. Bxc8 Rxc8 20. Nxa7 Ra8 21. Nb5
Nf5 22. Qd5+ Qxd5 23. cxd5 Ra5 24. a4 Rd8 25. Rfd1 Nd6 26. Nc3 Rb8 27. Rdb1 Rb4
28. Ra3 Nb5 29. Rbb3 Nxa3 30. Rxa3 Kf7 31. Ra2 Ke7 32. Kf1 h6 33. Ke2 Kd6 34.
Kd2 c4 35. Kc2 Kc5 36. Ra1 Rb7 37. Rd1 Rd7 38. Nxe4+ Kb6 39. Rb1+ Kc7 40. Nc3
Rf7 41. f3 h5 42. Rb4 Rc5 43. d6+ Kc8 44. Ne4 Rc6 45. Nxg5 Rf6 46. Ne4 Rg6 47.
g3 Re6 48. Kc3 Re8 49. Rb5 h4 50. gxh4 Rh8 51. Ra5 Rxh4 52. Ra8+ Kd7 53. Ra7+
Kd8 54. Ng5 Rxd6 55. Nf7+ Kc8 56. Nxd6+ Kb8 57. Rb7+ Ka8 58. Rxg7 Rxh3 59. Rf7
Rh6 60. Nxc4 1-0

[Event "2017 Oceania Zone 3.6 Zonal Championshi"]
[Site "Auckland NZL"]
[Date "2017.01.20"]
[Round "9.13"]
[White "Garbett, Paul A"]
[Black "Mallari, Donato"]
[Result "0-1"]
[WhiteElo "2229"]
[BlackElo "2036"]
[PlyCount "150"]
[EventDate "2017.01.14"]

1. e4 c5 2. Nf3 e6 3. d4 cxd4 4. Nxd4 a6 5. c4 d6 6. Nc3 Nc6 7. Be3 Qc7 8. Be2
Nf6 9. O-O Be7 10. Rc1 Nxd4 11. Qxd4 Bd7 12. Rfd1 O-O 13. Qd2 Rac8 14. f3 Kh8
15. Kh1 Qa5 16. Bf4 e5 17. Be3 b5 18. b3 bxc4 19. Bxc4 Be6 20. Nd5 Qxd2 21.
Bxd2 Bxd5 22. exd5 Ra8 23. Bd3 h5 24. Rc2 Ra7 25. Be3 Raa8 26. Bf5 g6 27. Bh3
Rab8 28. g3 Rb5 29. Bg5 Ra5 30. Bd7 Kg7 31. Kg2 Rb8 32. Bc6 Rc5 33. Re2 Ng8 34.
Be3 Rc3 35. Bd2 Rc5 36. f4 Bf6 37. Be3 Rc3 38. Ba7 Rc8 39. Bb6 exf4 40. gxf4 h4
41. Bd4 Bxd4 42. Rxd4 a5 43. Ra4 Rc5 44. Rc4 Rxc4 45. bxc4 Kf6 46. Rb2 Ne7 47.
Rb6 Rc7 48. c5 Nf5 49. Ra6 Ke7 50. Rxa5 dxc5 51. Rxc5 Kd6 52. Rc3 Re7 53. Kf2
Re4 54. a4 Rxf4+ 55. Kg2 Re4 56. Kf2 Ne7 57. a5 Nxd5 58. Rc1 Rf4+ 59. Kg2 Nc7
60. Bb7 Ra4 61. a6 Ra3 62. Rc6+ Kd7 63. Rf6 Ke7 64. Rc6 Ne8 65. Bc8 Nd6 66.
Rc7+ Ke8 67. Bb7 Kd8 68. Rc2 h3+ 69. Kf2 f5 70. Rc1 g5 71. Rg1 g4 72. Rg3 Ra2+
73. Ke3 Nxb7 74. axb7 Kc7 75. Kf4 Rf2+ 0-1

[Event "2017 Oceania Zone 3.6 Zonal Championshi"]
[Site "Auckland NZL"]
[Date "2017.01.20"]
[Round "9.14"]
[White "Rains, Edward"]
[Black "Hu, Jason"]
[Result "0-1"]
[WhiteElo "2017"]
[BlackElo "2181"]
[PlyCount "162"]
[EventDate "2017.01.14"]

1. e4 c6 2. d4 d5 3. exd5 cxd5 4. Bd3 Nf6 5. c3 Nc6 6. Bf4 Bg4 7. Qb3 Na5 8.
Qa4+ Bd7 9. Qc2 Qb6 10. a4 Rc8 11. Nd2 Nh5 12. Be3 e6 13. Ngf3 f5 14. g3 Bd6
15. Ne5 Qc7 16. Nxd7 Qxd7 17. Qd1 Nf6 18. Bb5 Nc6 19. Bg5 Ne4 20. Nxe4 fxe4 21.
Qh5+ Qf7 22. Qxf7+ Kxf7 23. O-O Kg6 24. Be3 a6 25. Be2 e5 26. dxe5 Bxe5 27.
Rad1 Ne7 28. f3 Rhd8 29. fxe4 dxe4 30. Rxd8 Rxd8 31. h4 h5 32. Bc4 Bf6 33. Bf4
Nd5 34. Bc1 Ne7 35. Bb3 Nf5 36. Bf4 Re8 37. Bc2 Nh6 38. Re1 Kf5 39. Bxh6 gxh6
40. Rf1+ Ke5 41. Bxe4 Rg8 42. Bxb7 Rxg3+ 43. Kh2 Rg4 44. b3 Rxh4+ 45. Kg3 Rg4+
46. Kf3 a5 47. Rh1 Rf4+ 48. Ke3 h4 49. Kd3 Kd6 50. Rg1 Kc7 51. Be4 h3 52. b4 h2
53. Rh1 Rh4 54. b5 Rh3+ 55. Ke2 Be5 56. c4 Bd4 57. Bg2 Rh4 58. Rd1 Bg1 59. Bh1
Rxc4 60. Ra1 Kb6 61. Kd3 Rg4 62. Bc6 Bc5 63. Ra2 Bd6 64. Ke3 Rg1 65. Rc2 Bc5+
66. Kf4 h1=Q 67. Bxh1 Rxh1 68. Ke5 Rh4 69. Ra2 h5 70. Kd5 Rd4+ 71. Ke5 h4 72.
Ke6 h3 73. Rh2 Rd3 74. Rc2 Rg3 75. Kd7 Rg2 76. Rc3 Rg7+ 77. Kc8 Rh7 78. Rg3
Rh8+ 79. Kd7 h2 80. Rg6+ Kb7 81. Rc6 Bb6 0-1

[Event "2017 Oceania Zone 3.6 Zonal Championshi"]
[Site "Auckland NZL"]
[Date "2017.01.20"]
[Round "9.15"]
[White "Chan, Kris"]
[Black "Davis, Tony J"]
[Result "1/2-1/2"]
[WhiteElo "2120"]
[BlackElo "1851"]
[PlyCount "95"]
[EventDate "2017.01.14"]

1. d4 d5 2. c4 e6 3. Nc3 c5 4. cxd5 cxd4 5. Qa4+ Bd7 6. Qxd4 exd5 7. Qxd5 Nc6
8. Nf3 Nf6 9. Qb3 Be6 10. Qa4 Bc5 11. e3 Qe7 12. Ne5 O-O 13. Nxc6 bxc6 14. Bc4
Nd5 15. Bxd5 cxd5 16. O-O Rab8 17. Rd1 Rfd8 18. Ne2 Rb4 19. Qc2 Rc4 20. Qd3 Bg4
21. b3 Bxe2 22. Qxe2 Rh4 23. g3 Re4 24. Bb2 d4 25. Qd3 Bb6 26. exd4 h5 27. Bc3
Bxd4 28. Bxd4 Rexd4 29. Qxd4 Rxd4 30. Rxd4 Qe2 31. Ra4 Qd2 32. Rxa7 h4 33. Ra8+
Kh7 34. Ra4 g5 35. Rf1 h3 36. Re4 Qd5 37. Rfe1 f5 38. Re7+ Kg6 39. f3 Qxf3 40.
R7e2 Qg4 41. Re3 Qd4 42. Kf1 Qd5 43. R3e2 Kh5 44. Rf2 Qh1+ 45. Ke2 Qe4+ 46. Kf1
Qh1+ 47. Ke2 Qe4+ 48. Kf1 1/2-1/2

[Event "2017 Oceania Zone 3.6 Zonal Championshi"]
[Site "Auckland NZL"]
[Date "2017.01.20"]
[Round "9.16"]
[White "Yu, Bobby"]
[Black "Wastney, Scott"]
[Result "1/2-1/2"]
[WhiteElo "1955"]
[BlackElo "2350"]
[PlyCount "143"]
[EventDate "2017.01.14"]

1. d4 Nf6 2. c4 e6 3. Nc3 Bb4 4. e3 b6 5. Nge2 c5 6. a3 Ba5 7. Rb1 Na6 8. Bd2
O-O 9. Ng3 Bb7 10. f3 d5 11. cxd5 cxd4 12. exd4 Bxc3 13. bxc3 exd5 14. Bd3 Nc7
15. O-O Ba6 16. Bxa6 Nxa6 17. Qe2 Nc7 18. Nf5 Ne6 19. Qd3 Rc8 20. Ng3 Re8 21.
Rfe1 Nf8 22. Bg5 Ne6 23. Bd2 Qc7 24. Re5 Qc4 25. Qxc4 Rxc4 26. Rb4 Rc7 27. Nf5
Rd8 28. Kf2 g6 29. Ng3 Kg7 30. h4 Rd6 31. h5 Nd7 32. Re1 f6 33. hxg6 hxg6 34.
Ne2 Ndf8 35. Nc1 Rdc6 36. Nd3 Rd7 37. g3 Kf7 38. Re2 Nc7 39. Re1 Re7 40. Rh1
Kg8 41. Rbb1 Rh7 42. Kg2 Rxh1 43. Rxh1 Nfe6 44. Rb1 Kf7 45. a4 Nd8 46. Rh1 Kg7
47. Re1 Re6 48. Rxe6 Ndxe6 49. Nb4 Kf7 50. Kf2 Ke8 51. Ke2 Kd7 52. Kd3 a5 53.
Nc2 Kc6 54. c4 dxc4+ 55. Kxc4 Nd5 56. Na3 Nec7 57. Kb3 Ne7 58. g4 Kd5 59. Kc3
Ne6 60. Be3 Kc6 61. Kc4 Nd5 62. Bd2 Nec7 63. Kb3 Ne7 64. Kc4 Nc8 65. Kb3 Kd5
66. Kc3 Ne6 67. Nb5 Ne7 68. Kd3 f5 69. Nc3+ Kd6 70. Nb5+ Kd5 71. Nc3+ Kd6 72.
Nb5+ 1/2-1/2

[Event "2017 Oceania Zone 3.6 Zonal Championshi"]
[Site "Auckland NZL"]
[Date "2017.01.20"]
[Round "9.17"]
[White "Polishchuk, Kirill"]
[Black "Bennett, Hilton P"]
[Result "1/2-1/2"]
[WhiteElo "2175"]
[BlackElo "1955"]
[PlyCount "58"]
[EventDate "2017.01.14"]

1. e4 d6 2. d4 g6 3. Nc3 Bg7 4. Be3 a6 5. h4 h6 6. h5 g5 7. f4 gxf4 8. Bxf4 Nc6
9. Be3 e5 10. d5 Nce7 11. g4 Nf6 12. Be2 Qd7 13. Rh4 Nh7 14. Rh1 Nf6 15. Rh4
Nh7 16. Qd2 Bf6 17. Rh1 Bg5 18. O-O-O Ng8 19. Nf3 Bxe3 20. Qxe3 Qe7 21. Rdg1
Ng5 22. Nh4 Nf6 23. Nf5 Bxf5 24. gxf5 Qd7 25. Bd3 Ke7 26. Nb1 Qa4 27. Nc3 Qd7
28. Nb1 Qa4 29. Nc3 Qd7 1/2-1/2

[Event "2017 Oceania Zone 3.6 Zonal Championshi"]
[Site "Auckland NZL"]
[Date "2017.01.20"]
[Round "9.18"]
[White "Fan, Allen Chi Zhou"]
[Black "Wheeler, Bruce"]
[Result "1/2-1/2"]
[WhiteElo "1952"]
[BlackElo "2120"]
[PlyCount "61"]
[EventDate "2017.01.14"]

1. Nf3 d6 2. c4 e5 3. Nc3 f5 4. d3 Nf6 5. g3 Be7 6. Bg2 O-O 7. a3 Kh8 8. b4 Qe8
9. Bb2 Nbd7 10. Qb3 c6 11. a4 a5 12. b5 Nc5 13. Qa2 Bd7 14. Nd2 Bd8 15. Ba3 Bb6
16. Rb1 Rb8 17. Nb3 Nxb3 18. Rxb3 c5 19. Bc1 h6 20. Rb2 Be6 21. Nd5 Nxd5 22.
cxd5 Bd7 23. Qc4 Qf7 24. e3 Rbe8 25. Re2 Bc8 26. h4 Qh5 27. f4 Qg6 28. Kf2 Bc7
29. Bb2 b6 30. Bf3 Bd8 31. Rg1 1/2-1/2

[Event "2017 Oceania Zone 3.6 Zonal Championshi"]
[Site "Auckland NZL"]
[Date "2017.01.20"]
[Round "9.19"]
[White "Zhang, Leo"]
[Black "Nicholls, Leighton"]
[Result "1-0"]
[WhiteElo "2099"]
[BlackElo "1929"]
[PlyCount "75"]
[EventDate "2017.01.14"]

1. d4 Nf6 2. c4 c5 3. d5 b5 4. cxb5 a6 5. bxa6 g6 6. Nc3 Bxa6 7. e4 Bxf1 8.
Kxf1 d6 9. Nf3 Nbd7 10. g3 Bg7 11. Kg2 O-O 12. a4 Qb6 13. Bd2 Rfb8 14. Qe2 Qb3
15. Rhb1 Rb4 16. Ra3 Qc4 17. Qxc4 Rxc4 18. Re1 Rb4 19. b3 Rab8 20. e5 Nxe5 21.
Nxe5 dxe5 22. Rxe5 Rd4 23. Bg5 h6 24. Bxf6 Bxf6 25. Re3 Kg7 26. a5 Rd2 27. Ne4
Rxd5 28. Nxf6 Kxf6 29. Re4 Rd3 30. Re3 Rxe3 31. fxe3 Ke5 32. Kf3 Kd5 33. a6 Ra8
34. a7 Kc6 35. Ke4 f6 36. Ra4 e6 37. Ra6+ Kd7 38. Kd3 1-0